| 000 | 01758nam a2200433Ii 4500 | ||
|---|---|---|---|
| 001 | DIGVISR0283 | ||
| 003 | NyNyDIG | ||
| 008 | 170308s2015 sp a ob 000 0 spa d | ||
| 006 | m o d | ||
| 007 | cr ||||||||||| | ||
| 035 | _a(OCoLC)974846126 | ||
| 040 |
_aDGITA _beng _erda _epn _cDGITA |
||
| 020 | _z9788498951714 | ||
| 020 | _z8498951712 | ||
| 050 | 1 | 4 | _aLB1575.8 ebook |
| 082 | 0 | 4 | _a372.6 |
| 100 | 1 |
_aQuiles Cabrera, María del Carmen, _eauthor. |
|
| 245 | 1 | 0 |
_aHablar, leer y escribir : _bel descubrimiento de las palabras y la educación lingüística y literaria / _cMaría del Carmen Quiles Cabrera, Ítaca Palmer, María Rosal Nadales. |
| 264 | 1 |
_aMadrid : _bVisor Libros, _c[2015] |
|
| 300 |
_a1 online resource : _billustrations. |
||
| 336 |
_atext _btxt _2rdacontent |
||
| 337 |
_acomputer _bc _2rdamedia |
||
| 338 |
_aonline resource _bcr _2rdacarrier |
||
| 490 | 1 |
_aBiblioteca filológica hispana ; _v171 |
|
| 504 | _aIncludes bibliographical references. | ||
| 588 | 0 | _aOnline resource; title from PDF title page (Digitalia, viewed March 9, 2017) | |
| 650 | 0 | _aLanguage arts. | |
| 650 | 0 | _aLanguage arts (Early childhood) | |
| 655 | 0 | _aElectronic books. | |
| 700 | 1 |
_aPalmer, Ítaca, _eauthor. |
|
| 700 | 1 |
_aRosal, María, _d1961- _eauthor. |
|
| 791 | 2 |
_aDigitalia (Firm), _edistributor. |
|
| 793 | 0 |
_gDigitalia eBook Collection: _aVisor Libros. |
|
| 776 | 0 | 8 |
_iPrint version: _aQuiles Cabrera, María del Carmen. _tHablar, leer y escribir. _dMadrid : Visor Libros, [2015] _z9788498951714 _w(DLC) 2015528183 _w(OCoLC)932124904 |
| 830 | 0 |
_aBiblioteca filológica hispana ; _v171. |
|
| 856 | 4 | 0 |
_3Digitalia Hispánica _uhttps://www.digitaliapublishing.com/a/41227/ |
| 910 | _aPremium Collection: 2017 | ||
| 942 | _cRAA | ||
| 999 |
_c246283 _d246283 |
||